Spokojný zákazník a logistický servis

Podrobná bibliografia
Hlavný autor: Dzúrová, Mária (Autor)
Médium: Článok
Jazyk:slovenčina
ISSN:1336-1864
Predmet:

MARC

LEADER 00000nab a2200000 ar4500
001 vtls009001474
003 SK-MaSNL
005 20260303214407.0
008 070621c2006 xo qr|p|||||||000 b|slo
015 |a SNBRB2007/06  |2 snkbucl 
038 |a SNKBUCL 
040 |a SNKBUCL  |b slo  |c SNKBUCL  |e AACR2 
041 0 |a slo 
044 |a xo  |c SK 
080 |a 658.89.012.43:366.1:658.8.012.34  |2 2001 
080 |a 366.1  |2 2001 
080 |a 005.346  |2 2001 
080 |a 658.8.012.34  |2 2001 
100 1 |a Dzúrová, Mária  |4 aut  |9 12611 
245 1 0 |a Spokojný zákazník a logistický servis  |c Mária Dzúrová 
504 |a Bibliogr. odkazy 
650 0 7 |a manažment vzťahov so zákazníkmi  |2 snkbucl  |9 18756 
650 0 7 |a zákazníci  |2 snkbucl  |9 15634 
650 0 7 |a spokojnosť zákazníkov  |2 snkbucl  |9 366583 
650 0 7 |a ziskovosť  |2 snkbucl  |9 275886 
650 0 7 |a logistika (manažment)  |2 snkbucl  |9 3620 
773 0 |t Marketingová panoráma  |g Roč. 4., č. 3-4 (2006), s. 10-12  |x 1336-1864 
852 |a SNK  |b KIS3GCP 
958 |a NB 
999 |c 2216768  |d 2218698